Catálogo
 En Linea

San Juan : (Registro nro. 24642)

Detalles MARC
000 -CABECERA
campo de control de longitud fija 00661nam a2200181 a 4500
001 - NÚMERO DE CONTROL
campo de control 000025149
005 - FECHA Y HORA DE LA ÚLTIMA TRANSACCIÓN
campo de control 20200930023605.0
008 - DATOS DE LONGITUD FIJA--INFORMACIÓN GENERAL
campo de control de longitud fija 110210s1989 pr abc r 000 0 spa d
040 ## - FUENTE DE LA CATALOGACIÓN
Centro catalogador/agencia de origen DO-SdBNP
Lengua de catalogación spa
Centro/agencia transcriptor BNPHU
082 ## - NÚMERO DE LA CLASIFICACIÓN DECIMAL DEWEY
Número de clasificación xxxxx
Número de documento/Ítem S479s
100 1# - ENTRADA PRINCIPAL--NOMBRE DE PERSONA
Nombre de persona Sepúlveda Rivera, Aníbal
9 (RLIN) 51568
245 10 - MENCIÓN DE TÍTULO
Título San Juan :
Resto del título historia ilustrada de su desarrollo urbano, 1508-1898 /
Mención de responsabilidad, etc. Aníbal Sepúlveda Rivera ; traducción Gloria Madrazo.
260 ## - PUBLICACIÓN, DISTRIBUCIÓN, ETC.
Lugar de publicación, distribución, etc. San Juan, Puerto Rico :
Nombre del editor, distribuidor, etc. Carimar,
Fecha de publicación, distribución, etc. 1989.
300 ## - DESCRIPCIÓN FÍSICA
Extensión iv, 335 p. :
Otras características físicas il., mapas., retrs. ;
Dimensiones 28.5 cm.
500 ## - NOTA GENERAL
Nota general Bibliografía : p. 316-328
590 ## - NOTA LOCAL (RLIN)
Nota local Inventariado, 2019/BT
700 1# - PUNTO DE ACCESO ADICIONAL--NOMBRE DE PERSONA
Nombre de persona Madrazo, Gloria,
Término indicativo de función/relación tr.
9 (RLIN) 51569
Existencias
Estado de retiro Estado de pérdida Restricciones de uso No para préstamo Código de colección Localización permanente Ubicación/localización actual Ubicación en estantería Fecha de adquisición Número de inventario Total de préstamos Signatura topográfica completa Código de barras Fecha visto por última vez Precio válido a partir de Tipo de ítem Koha Número de copia
        Monografías: Libros y Folletos General General Depósito 10.02.2011 LF1   xxxxx S479s 25149-10 25.06.2020 25.06.2020 Préstamo en sala  
  Extraviado   Excluido de préstamo Monografías: Libros y Folletos Patrimonio Dominicano Patrimonio Dominicano Extraviado 12.06.2018 LF1   xxxxx S479s 25149-20 25.06.2020 25.06.2020 No se presta e. 2

Con tecnología Koha